[Event "Hamb. Einzelmeisterschaft 2024 A-Klasse"]
[Site "Hamburg"]
[Date "2024.05.26"]
[Round "7.1"]
[White "Kellner, Anton"]
[Black "Iachanou, Daniel"]
[Result "1-0"]
[WhiteElo "1680"]
[BlackElo "1687"]
[PlyCount "77"]
[EventDate "2024.??.??"]
[WhiteTeam "Hamburger SK von 1830 eV"]
[BlackTeam "SF Sasel 1947"]

1. d4 Nf6 2. c4 e6 3. Nf3 d5 4. Nc3 c6 5. Bg5 Nbd7 6. cxd5 exd5 7. e3 Bd6 8.
Bd3 O-O 9. O-O Qb6 10. Rb1 Re8 11. Qc2 h6 12. Bh4 Qc7 13. b4 a5 14. b5 Bb4 15.
Bg3 Qd8 16. bxc6 bxc6 17. Na4 Ba6 18. Bxa6 Rxa6 19. Rfc1 Ne4 20. Qd3 Qa8 21.
Ne5 Nxe5 22. Bxe5 Nd2 23. Ra1 Nc4 24. Bg3 Re6 25. e4 Qb7 26. a3 Bf8 27. Rab1
Qa7 28. Rb8 Nd6 29. Bxd6 Rxd6 30. Rcb1 dxe4 31. Qe2 Rxd4 32. R1b7 Qxb7 33. Rxb7
Rxa4 34. Qxa6 Rxa3 35. g3 e3 36. fxe3 Bb4 37. Qxc6 Rxe3 38. Qc8+ Kh7 39. Qf5+
1-0

[Event "Hamb. Einzelmeisterschaft 2024 A-Klasse"]
[Site "Hamburg"]
[Date "2024.05.26"]
[Round "7.2"]
[White "Wolff, Ole"]
[Black "Parindra, Jason"]
[Result "0-1"]
[WhiteElo "1566"]
[BlackElo "1662"]
[PlyCount "40"]
[EventDate "2024.??.??"]
[WhiteTeam "SchVgg Blankenese von 1923 e.V."]
[BlackTeam "SC Diogenes e.V."]

1. Nf3 d5 2. d4 Nf6 3. c3 Bf5 4. Qb3 b6 5. Bf4 e6 6. e3 Bd6 7. Bxd6 Qxd6 8.
Nbd2 O-O 9. Nh4 Re8 10. Nxf5 exf5 11. Bd3 f4 12. O-O-O fxe3 13. fxe3 Rxe3 14.
Qc2 Nbd7 15. Rde1 Rxe1+ 16. Rxe1 Qxh2 17. Nf3 Qh6+ 18. Kb1 Re8 19. Bxh7+ Qxh7
20. Qxh7+ Kxh7 0-1

[Event "Hamb. Einzelmeisterschaft 2024 A-Klasse"]
[Site "Hamburg"]
[Date "2024.05.26"]
[Round "7.3"]
[White "Lüthje, Max"]
[Black "Kriz, Leonard"]
[Result "0-1"]
[WhiteElo "1755"]
[BlackElo "1768"]
[Annotator "Wolff,Stefan"]
[PlyCount "98"]
[EventDate "2024.??.??"]
[WhiteTeam "SC Diogenes e.V."]
[BlackTeam "Bramfelder SK 1947 e.V."]

1. e4 {[%emt 0:00:00]} c5 2. c3 d5 3. exd5 Qxd5 4. d4 e6 5. Nf3 Nf6 6. Be2 Nbd7
7. O-O Be7 8. c4 Qd6 9. Nc3 a6 10. Be3 cxd4 11. Nxd4 Qc7 12. Rc1 O-O 13. Bf3
Rd8 14. Ne4 Nc5 15. Nxf6+ Bxf6 16. b4 e5 17. bxc5 exd4 18. Bd2 Bf5 19. Qb3 Rd7
20. Qb6 Rc8 21. Rfe1 h6 22. Ba5 Qxc5 23. Qxc5 Rxc5 24. Re8+ Kh7 25. Bb6 Re5 26.
Rb8 d3 27. Rd1 Be4 28. Bg4 Rde7 29. Bd8 Re8 30. Bxf6 gxf6 31. Rxe8 Rxe8 32. Bh5
Kg7 33. f3 Bh7 34. f4 Rc8 35. Bf3 b6 36. Bd5 Rc5 37. Bb7 b5 38. cxb5 axb5 39.
h3 h5 40. Kf1 Rc2 41. Bd5 Kf8 42. g4 Rc5 43. Bf3 hxg4 44. hxg4 f5 45. g5 Rc4
46. Rxd3 Rxf4 47. Rb3 f6 48. gxf6 Bg8 49. Ra3 Bd5 0-1

[Event "Hamb. Einzelmeisterschaft 2024 A-Klasse"]
[Site "Hamburg"]
[Date "2024.05.26"]
[Round "7.4"]
[White "Böhler, Yannic"]
[Black "Tscherepanov, Leon"]
[Result "1/2-1/2"]
[WhiteElo "1701"]
[BlackElo "1813"]
[PlyCount "101"]
[EventDate "2024.??.??"]
[WhiteTeam "SC Schachelschweine e.V."]
[BlackTeam "Hamburger SK von 1830 eV"]

1. c4 e6 2. g3 d5 3. Bg2 c6 4. Nf3 Nf6 5. O-O Be7 6. b3 O-O 7. Bb2 Nbd7 8. e3
Ne4 9. d3 Bf6 10. Qe2 Bxb2 11. Qxb2 Nef6 12. Nc3 Re8 13. Rac1 Qe7 14. b4 a6 15.
a4 Nf8 16. b5 Bd7 17. Nd2 axb5 18. axb5 Ng6 19. Ra1 Qd6 20. d4 h5 21. Rxa8 Rxa8
22. Ra1 Rxa1+ 23. Qxa1 Qc7 24. Qb2 h4 25. b6 Qb8 26. Qa3 hxg3 27. hxg3 Kh7 28.
Qa7 Qc8 29. Nb3 Ne8 30. c5 e5 31. Na5 exd4 32. exd4 Bh3 33. Qxb7 Qg4 34. Qxc6
Nf4 35. Bxh3 Nxh3+ 36. Kh2 Nxf2 37. Qxd5 Nf6 38. Qg2 Qxd4 39. Qf3 N6g4+ 40. Kg2
Qxc5 41. b7 Qe5 42. Nc6 Qe1 43. Qf5+ Kh6 44. Qb1 Qxc3 45. b8=Q Qxc6+ 46. Kf1
Qc4+ 47. Ke1 Qc3+ 48. Kf1 Qc4+ 49. Ke1 Qc3+ 50. Ke2 Qc4+ 51. Ke1 1/2-1/2

[Event "Hamb. Einzelmeisterschaft 2024 A-Klasse"]
[Site "Hamburg"]
[Date "2024.05.26"]
[Round "7.5"]
[White "Henzler, Timofej"]
[Black "Queißer, Jens"]
[Result "0-1"]
[WhiteElo "1722"]
[BlackElo "1632"]
[Annotator "Wolff,Stefan"]
[PlyCount "60"]
[EventDate "2024.??.??"]
[WhiteTeam "Hamburger SK von 1830 eV"]
[BlackTeam "Hamburger SK von 1830 eV"]

1. d4 {[%emt 0:00:00]} Nf6 2. c4 e6 3. Nf3 b6 4. Nc3 Bb4 5. Bg5 Bxc3+ 6. bxc3
h6 7. Bh4 d6 8. e3 Nbd7 9. Bd3 Bb7 10. O-O O-O 11. Re1 Qc8 12. e4 c5 13. e5
dxe5 14. dxe5 Nh7 15. Qc2 f5 16. exf6 Ndxf6 17. Bxh7+ Nxh7 18. Ne5 Rf5 19. Rad1
Qe8 20. Qe2 Nf8 21. g4 Rxe5 22. Qxe5 Ng6 23. Qg3 Nxh4 24. Qxh4 Qc6 25. f3 Qxf3
26. Rd8+ Rxd8 27. Qxd8+ Kh7 28. Qd2 Qh1+ 29. Kf2 Qg2+ 30. Ke3 Qf3# 0-1

[Event "Hamb. Einzelmeisterschaft 2024 A-Klasse"]
[Site "Hamburg"]
[Date "2024.05.26"]
[Round "7.6"]
[White "Babychev, Mykhailo"]
[Black "Klaeke, Gregor"]
[Result "1-0"]
[WhiteElo "1626"]
[BlackElo "1703"]
[Annotator "Wolff,Stefan"]
[PlyCount "127"]
[EventDate "2024.??.??"]
[WhiteTeam "Hamburger SK von 1830 eV"]
[BlackTeam "Niendorfer TSV 1919 SAbt"]

1. d4 {[%emt 0:00:00]} Nf6 2. c4 e6 3. Nf3 d5 4. cxd5 Qxd5 5. Nc3 Bb4 6. Ne5 c5
7. Qa4+ Nbd7 8. Nxd7 Bxd7 9. Qxb4 cxb4 10. Nxd5 Nxd5 11. e4 Ne7 12. Bf4 Rc8 13.
Bd3 f6 14. Kd2 Bc6 15. f3 Rd8 16. Ke2 a5 17. Ke3 h5 18. Bc7 Ra8 19. h3 g6 20.
a4 Rh7 21. Bh2 g5 22. Bd6 Nc8 23. Bg3 h4 24. Bh2 Nb6 25. b3 Rd8 26. Rhd1 Rhd7
27. Bb5 Bxb5 28. axb5 a4 29. Rac1 axb3 30. Bc7 Na4 31. Bxd8 Kxd8 32. Rd3 Nc3
33. Rdxc3 bxc3 34. Rxc3 Rc7 35. Kd3 f5 36. Rxb3 Rc1 37. Rb2 Rd1+ 38. Rd2 Rb1
39. Kc4 Rc1+ 40. Kb4 fxe4 41. fxe4 b6 42. Kb3 Rb1+ 43. Rb2 Rc1 44. Rc2 Rb1+ 45.
Kc4 Re1 46. e5 Ra1 47. Rb2 Ra4+ 48. Kd3 Kd7 49. Ke4 Rc4 50. Rb3 Ke7 51. g3 Kf7
52. Rf3+ Ke7 53. gxh4 gxh4 54. Rf4 Rb4 55. Rxh4 Rxb5 56. Rh7+ Kd8 57. h4 Rb1
58. h5 b5 59. h6 Rh1 60. Kf4 b4 61. Kg5 Rg1+ 62. Kf6 Kc8 63. Rg7 Rh1 64. h7 1-0

[Event "Hamb. Einzelmeisterschaft 2024 A-Klasse"]
[Site "Hamburg"]
[Date "2024.05.26"]
[Round "7.7"]
[White "Gerdts, Martina"]
[Black "Mi, Gufeng"]
[Result "1-0"]
[WhiteElo "1662"]
[BlackElo "1721"]
[PlyCount "39"]
[EventDate "2024.??.??"]
[WhiteTeam "Hamburger SK von 1830 eV"]
[BlackTeam "Niendorfer TSV 1919 SAbt"]

1. d4 Nh6 2. e4 g6 3. Nf3 Bg7 4. Bc4 e6 5. Nc3 O-O 6. Bd2 Kh8 7. h4 c6 8. h5
Ng4 9. Ng5 Nxf2 10. Kxf2 Bxd4+ 11. Ke2 Bf6 12. Nxh7 Kxh7 13. hxg6+ Kxg6 14.
Rh6+ Kg7 15. Qh1 Rh8 16. Rf1 Be5 17. Qh5 Rxh6 18. Bxh6+ Kg8 19. Qxe5 f6 20.
Qg3+ 1-0

[Event "Hamb. Einzelmeisterschaft 2024 A-Klasse"]
[Site "Hamburg"]
[Date "2024.05.26"]
[Round "7.10"]
[White "Kock, Rudolf"]
[Black "Fieron, Andreas"]
[Result "1-0"]
[WhiteElo "1657"]
[BlackElo "1733"]
[PlyCount "65"]
[EventDate "2024.??.??"]
[WhiteTeam "SF Hamburg e.V. 1934"]
[BlackTeam "Niendorfer TSV 1919 SAbt"]

1. d4 Nf6 2. c4 e6 3. Bg5 Be7 4. e3 O-O 5. Bd3 b6 6. Nf3 Bb7 7. Nbd2 d6 8. Qc2
h6 9. Bxf6 Bxf6 10. e4 Nd7 11. O-O-O c5 12. d5 exd5 13. exd5 Ne5 14. Nxe5 Bxe5
15. g3 Qf6 16. Ne4 Qe7 17. f4 Bd4 18. Kb1 b5 19. Rde1 Qc7 20. cxb5 Bxd5 21. Bc4
Bxc4 22. Qxc4 Rfd8 23. Nc3 Rab8 24. Nd5 Qb7 25. a4 Rd7 26. Re2 a6 27. b6 a5 28.
Rhe1 Kf8 29. Kc2 Bf6 30. b3 Ra8 31. Qe4 Kg8 32. Qf5 Bd8 33. Re8# 1-0